Rediseno de los procesos de prestacion del servicio de la Unidad de Formacion Dual y Centros colaboradores del INA para la mejora de la eficiencia, la calidad del servicio y el posicionamiento de sus ambitos de accion en los sectores productivos del pais

Sábháilte in:
Sonraí bibleagrafaíochta
Príomhchruthaitheoir: Bustos López, Henry
Rannpháirtithe: Cruz Mora, Carolina
Formáid: LEABHAR
Foilsithe / Cruthaithe: San José, Costa Rica 2001
Ábhair:
Clibeanna: Cuir clib leis
Níl clibeanna ann, Bí ar an gcéad duine le clib a chur leis an taifead seo!

MARC

LEADER 00000nam a2200000Ia 4500
003 008851
005 20221231144049.0
008 140114s2001 cr a 000 ||s d
040 |c cru CEDI  
090 |a TFG 5888 
100 |a Bustos López, Henry   |9 3769 
245 |a Rediseno de los procesos de prestacion del servicio de la Unidad de Formacion Dual y Centros colaboradores del INA para la mejora de la eficiencia, la calidad del servicio y el posicionamiento de sus ambitos de accion en los sectores productivos del pais 
260 |c 2001  |b San José, Costa Rica 
300 |a 2 volúmenes; ilustraciones 
500 |a Tesis (licenciatura en ingeniería industrial)--Universidad de Costa Rica. Facultad de Ingeniería. Escuela de Ingeniería Industrial,  
650 |x INSTITUTO NACIONAL DE APRENDIZAJE (COSTA RICA). UNIDAD DE FORMACION DUAL Y CENTROS COLABORADORES   |x ORGANIZACION   |x  CALIDAD DEL SERVICIO  |x REINGENIERIA (ADMINISTRACION)  |x  PLANIFICACION ESTRATEGICA   |x  SERVICIO AL CLIENTE  |9 3770 
700 |a Cruz Mora, Carolina   |9 3771 
942 |c TFG 
999 |c 16347  |d 16347